Biblioteca e leitura pública em tempo de mudança (Registo nº 197859)

Detalhes MARC
000 -Etiqueta de Registo
Indicador do Registo 00792nam 22001813 4500
100 ## - Dados Gerais de Processamento
Dados gerais 20250915d u||y0pory50 ba
101 ## - Língua
Língua de publicação Português
102 ## - País de publicação
País Portugal
200 ## - Título e menção de responsabilidade
Título próprio Biblioteca e leitura pública em tempo de mudança
Primeira menção de responsabilidade Henrique Barreto Nunes, Joaquim Portilheiro, Luís Cabral
300 ## - Notas gerais
Texto de nota separata de actas do 1º congresso Nacional de Bibliotecários, Arquivistas e Documentalistas. Porto, 19 a 21 de junho de 1985, vol. II
461 ## - Nível de conjunto
Número de parte ou secção (número/volume) vol. II. - 29 p.
Título separata de actas do 1º congresso Nacional de Bibliotecários, Arquivistas e Documentalistas. Porto, 19 a 21 de junho de 1985, vol. II
606 ## - Nome Comum Usado como Assunto
ID Autoridade 1270
Elemento de Entrada Biblioteconomia
Subdivisão de Assunto Bibliotecas
700 ## - Autor principal (pessoa individual)
ID Autoridade 13904
Apelido Nunes
Nome Henrique Barreto
Datas 1947-
801 ## - Fonte de origem
País PT
Agência BMMN
Regras de catalogação RPC
090 ## - System Control Numbers (Koha)
Koha biblioitem number (autogenerated) 197859
990 ## - Elementos Koha
Tipo de documento Artigo
Exemplares
Biblioteca de origem Biblioteca de Empréstimo Código de Barras Cota Permissão de Empréstimo Tipo de Documento Estado Forma de Aquisição
Biblioteca Municipal de Montemor-o-Novo Biblioteca Municipal de Montemor-o-Novo 26028 02 NUN|DEP   Artigo   Compra

Powered by Koha